000
00331nam a2200133Ia 4500
008
240624s9999 xx 000 0 und d
041
_a
eng
082
_a
920 McD
100
_a
MCDONALD HAMISH
245
_a
AMBANI AND SONS
260
_c
2013
_a
New Delhi
_b
Lotus Roli Books
300
_a
xi, : 396 : p. : cm. ; 21
365
_c
RS
_b
25
999
_c
23644
_d
23644